000 00609nam a2200229Ia 4500
003 OSt
005 20220924152344.0
006 a|||||r|||| 00| 0
007 ta
008 220923b |||||||| |||| 00| 0 mar d
024 _a342200
037 _cTextual
040 _aARTS
_cARTS
_bmar
041 _2mar
_amar
082 _aO1593v, 155M2
100 _aAjwani Lalsingh Hazari Singh
_9226485
245 0 _aSindhi sahityacha itihas
260 _c1982
650 _aSINDHI LITERATURE
942 _hO1593v, 155M2
_cTEXL
_2CC
999 _c469590
_d469590